Online Catalogue and eLibrary

Kukulu koralaye janaprawada (Record no. 5211)

MARC details
000 -LEADER
fixed length control field 00369nam a2200157Ia 4500
005 - DATE AND TIME OF LATEST TRANSACTION
control field 20250701155824.0
008 - FIXED-LENGTH DATA ELEMENTS--GENERAL INFORMATION
fixed length control field 240331s9999 xx 000 0 und d
020 ## - INTERNATIONAL STANDARD BOOK NUMBER
ISBN 9559567160
082 ## - DDC Classification
Item Number - Author Mark LIY
Class No. 398
100 ## - MAIN ENTRY--PERSONAL NAME
Personal name Liyanage,B
245 #0 - TITLE STATEMENT
Title Kukulu koralaye janaprawada
260 ## - PUBLICATION, DISTRIBUTION, ETC.
Place of publication, distribution, etc. Kuruwita
Name of publisher, distributor, etc. Isuru Printers
Date of publication, distribution, etc. 1998
300 ## - PHYSICAL DESCRIPTION
Extent (e.g. Volumes, Pages etc.) 92 p .,
650 ## - SUBJECT ADDED ENTRY--TOPICAL TERM
Topical term or geographic name entry element Women
942 ## - Koha item type (Biblio)
Koha item type Books in Stacks (Lending)
Holdings
Lost status Damaged status Collection code Home library Current library Shelving location Date acquired Full call number Accession Number Item type
    Lending WERC Library WERC Library Social Science Cupboard 03/31/2024 398 LIY 4369 Books in Stacks (Lending)

© WERC Library